Statistics for Top 10 Girls Names Beginning With 'A'

Click here to take the quiz!

General Stats

  • This quiz has been taken 144 times
  • The average score is 6 of 10

Answer Stats

HintAnswer% Correct
3.Anna
86%
2.Abigail
73%
1.Ava
72%
4.Amanda
60%
9.Amelia
58%
10.Allison
45%
8.Andrea
45%
6.Alyssa
39%
7.Amber
39%
5.Alexis
37%

Score Distribution

Percentile by Number Answered

Percent of People with Each Score

Your Score History

You have not taken this quiz